书目信息 |
| 题名: |
古希腊神话故事
|
|
| 作者: | 刘世洁 编著 | |
| 分册: | ||
| 出版信息: | 北京 中国华侨出版社 2016 |
|
| 页数: | 370页 | |
| 开本: | 25cm | |
| 丛书名: | ||
| 单 册: | ||
| 中图分类: | I17(198.4) | |
| 科图分类: | ||
| 主题词: | 神话--作品集--古希腊 | |
| 电子资源: | ||
| ISBN: | 978-7-5113-6215-5 | |
| 000 | 00740nam0 2200253 450 | |
| 001 | 0104021851 | |
| 005 | 20170110150850.0 | |
| 010 | @a978-7-5113-6215-5@dCNY59.00 | |
| 100 | @a20161116d2016 em y0chiy0120 ea | |
| 101 | 0 | @achi |
| 102 | @aCN@b110000 | |
| 105 | @aa z 000fy | |
| 106 | @ar | |
| 200 | 1 | @a古希腊神话故事@9Gu Xi La;Xi Shen Hua Gu Shi @f刘世洁等编著@b专著 |
| 210 | @a北京@c中国华侨出版社@d2016 | |
| 215 | @a370页@c彩图@d25cm | |
| 300 | @a超值全彩白金版 | |
| 312 | @a封面英文题名:Greek mythology | |
| 510 | 1 | @aGreek mythology@zeng |
| 606 | 0 | @a神话@x作品集@x古希腊 |
| 690 | @aI17(198.4)@v5 | |
| 701 | 0 | @a刘世洁@4编著@9liu shi jie |
| 801 | 0 | @aCN@bAZmarc@c20230903 |
| 905 | @aBZT@dI17(198.4)@e9@f1@sI17(198.4)/9 | |
| 古希腊神话故事/刘世洁等编著.-北京:中国华侨出版社,2016 |
| 370页:彩图;25cm |
| 超值全彩白金版 |
| ISBN 978-7-5113-6215-5:CNY59.00 |
| ● |
| 相关链接 |
|
|
|
正题名:古希腊神话故事
索取号:I17(198.4)/9
 
预约/预借
| 序号 | 登录号 | 条形码 | 馆藏地/架位号 | 状态 | 备注 |
| 1 | 2000154090 | 2000154090 | 旧书回溯/ [索取号:I17(198.4)/9] | 在馆 |